00440nam a2200169Ia 450000500170000000800410001702000150005808200130007310000160008624500750010226000280017730000160020565000140022165000110023565000120024665000120025820241008013603.0240331s9999 xx 000 0 und d a0415127939 bHARa820 aHarvey, E.D 0aVentriloquized voices :bfeminist Theory and English renaissance texts aLondonbRoutledgec1995 ax, 173 p ., aSexuality aGender aHistory aCulture